000 00559nam a2200193Ia 4500
005 20250508155522.0
008 008 250505s9999 xx 000 0 eng d
037 _aTextual
040 _aFEDL
_beng
_cFEDL
041 _aeng
_2eng
084 _a572, HOE
_qFEDL
100 _aHoebel E Adamson
_913513
245 0 _aReadings in anthropology
260 _aNew York, USA
_bMcGraw Hill Book Company Inc
_c1955
300 _axiv,417p
700 _a Jennings Jesse D Smith Elmer R
_9767073
942 _cTEXL
_h572, HOE
999 _c1357380
_d1357380